| 000 | 01106cam a22002293a 4500 | ||
|---|---|---|---|
| 001 | 24890 | ||
| 003 | PGUSA | ||
| 005 | 20140828083532.0 | ||
| 008 | 080321s2008||||xxu|||||s|||||000 | eng d | ||
| 040 |
_aPGUSA _beng |
||
| 042 | _adc | ||
| 050 | 4 | _aBS | |
| 100 | 1 |
_aTyndale, William, _d1492-1536 |
|
| 245 | 1 | 4 |
_aThe prophete Ionas with an introduccion : _bbefore teachinge to vnderstonde him and the right vse also of all the scripture/ and why it was written/ and what is therin to be sought/ and shewenge wherewith the scripture is locked vpp that he which readeth it/ can not vnderstonde it/ though he studie therin neuer so moch: and agayne with what keyes it is so opened/ that the reader can be stopped out with no sotilte or false doctrine of man/ from the true sense and vnderstondynge therof. _h[electronic resource] / _cWilliam Tyndale |
| 260 |
_bProject Gutenberg, _c2008 |
||
| 506 | _aPublic domain in the USA. | ||
| 516 | _aElectronic text | ||
| 653 | _aBible. Jonah -- Commentaries | ||
| 830 | 0 |
_aProject Gutenberg _v24890 |
|
| 856 | 4 | 0 | _uhttp://www.gutenberg.org/ebooks/24890 |
| 942 | _cEB | ||
| 999 |
_c254145 _d254145 |
||